000 00785nam a2200241Ia 4500
003 OSt
005 20220926015004.0
006 a|||||r|||| 00| 0
007 ta
008 220923b |||||||| |||| 00| 0 eng d
037 _cGeneral Book
040 _aRTL
_cRTL
_beng
041 _2eng
_aeng
082 _aX61.73.N6s, L0
100 _aFriedman Milton
245 0 _aMonetary statistics of the United States
_b Estimate
260 _aNew York
_bNational Bureau of Economic Reserach
_c1970
300 _axiv, 629p
_ccm.
490 _aNational Bureau of Economic Research, Studies in Business Cycles
700 _a Schwartz Anna Jacobson
_9127240
942 _hX61.73.N6s, L0
_cGB
_2CC
999 _c630307
_d630307